00626nam a2200205 a 450000100060000000300080000600500170001400800410003103500190007204000340009104100080012508200260013310000230015924501000018225000140028226000450029630000270034150000190036865000330038750179BD-RjUL20211209075453.0160824s1957 ii 000 0 eng  a(BD-RjUL)50299 aDLCBD-RjULcDLCdBD-RjULbeng aeng 223a370.954bMUO 19571 aMukherjee, Haridas04aThe origins of the National Education movement (1905-1910) /cHaridas Mukherjee ; Mukherjee uma a[1st ed.] aCalcutta :bJadavpur University,c[1957] axxii, 440 p. ;c21 cm. aIncludes Index aEducation xHistory.zIndia